000
00190 a2200097 4500
001
1409
100
_a
Ballard,W.E
245
_a
Metal spraying
260
_a
_b
Griffen
_c
090
_c
958
_d
958
942
_a
NUST-CAE
_c
M
_c
36466
999
_c
236482
_d
236482